Clinical Periodontology and Implant Dentistry (Record no. 1544)

MARC details
000 -LEADER
fixed length control field 01362cam a22003494a 4500
001 - CONTROL NUMBER
control field 13154106
003 - CONTROL NUMBER IDENTIFIER
control field OSt
005 - DATE AND TIME OF LATEST TRANSACTION
control field 20200224113434.0
008 - FIXED-LENGTH DATA ELEMENTS--GENERAL INFORMATION
fixed length control field 030409s2003 enka b 001 0 eng
010 ## - LIBRARY OF CONGRESS CONTROL NUMBER
LC control number 2003044334
020 ## - INTERNATIONAL STANDARD BOOK NUMBER
International Standard Book Number 1405102365
035 ## - SYSTEM CONTROL NUMBER
System control number (DNLM)101174804
040 ## - CATALOGING SOURCE
Original cataloging agency DNLM/DLC
Transcribing agency DLC
Modifying agency DLC
042 ## - AUTHENTICATION CODE
Authentication code pcc
050 00 - LIBRARY OF CONGRESS CALL NUMBER
Classification number RK361
Item number .C54 2003
060 10 - NATIONAL LIBRARY OF MEDICINE CALL NUMBER
Classification number WU 240
Item number C6415 2003
082 00 - DEWEY DECIMAL CLASSIFICATION NUMBER
Classification number WU240 C615j 2003
Edition number 21
100 ## - MAIN ENTRY--PERSONAL NAME
Personal name Edited by Jan, Lindhe; Thorkild, Karring; Niklaus, P. Lang
9 (RLIN) 13705
245 00 - TITLE STATEMENT
Title Clinical Periodontology and Implant Dentistry
250 ## - EDITION STATEMENT
Edition statement 4th ed.
260 ## - PUBLICATION, DISTRIBUTION, ETC. (IMPRINT)
Place of publication, distribution, etc. Oxford;
Name of publisher, distributor, etc. Blackwell,
Date of publication, distribution, etc. 2003.
300 ## - PHYSICAL DESCRIPTION
Extent xxiv, 1044 p. :
Other physical details ill. (some col.) ;
Dimensions 31 cm.
504 ## - BIBLIOGRAPHY, ETC. NOTE
Bibliography, etc Includes bibliographical references and index.
650 #0 - SUBJECT ADDED ENTRY--TOPICAL TERM
Topical term or geographic name as entry element Periodontics.
9 (RLIN) 4060
650 #0 - SUBJECT ADDED ENTRY--TOPICAL TERM
Topical term or geographic name as entry element Dental disease.
9 (RLIN) 4061
856 42 - ELECTRONIC LOCATION AND ACCESS
Materials specified Contributor biographical information
Uniform Resource Identifier http://www.loc.gov/catdir/enhancements/fy0802/2003044334-b.html
856 42 - ELECTRONIC LOCATION AND ACCESS
Materials specified Publisher description
Uniform Resource Identifier http://www.loc.gov/catdir/enhancements/fy0802/2003044334-d.html
856 41 - ELECTRONIC LOCATION AND ACCESS
Materials specified Table of contents only
Uniform Resource Identifier http://www.loc.gov/catdir/enhancements/fy0802/2003044334-t.html
906 ## - LOCAL DATA ELEMENT F, LDF (RLIN)
a 7
b cbc
c orignew
d 1
e ocip
f 20
g y-gencatlg
942 ## - ADDED ENTRY ELEMENTS (KOHA)
Source of classification or shelving scheme Other/Generic Classification Scheme
Koha item type Short Loan
Holdings
Withdrawn status Lost status Source of classification or shelving scheme Damaged status Not for loan Home library Current library Date acquired Source of acquisition Inventory number Total Checkouts Full call number Barcode Date last seen Koha item type
    Other/Generic Classification Scheme     MUST Main Library MUST Main Library 23/04/2015 Purchase 06/26778   WU240 C615j 2003 2015-1111 23/04/2015 Short Loan
    Other/Generic Classification Scheme     MUST Main Library MUST Main Library 23/04/2015 Purchase 06/26779   WU240 C615j 2003 2015-1112 23/04/2015 Short Loan